<?xml version="1.0" encoding="UTF-8"?>
<record
    xmlns:xsi="http://www.w3.org/2001/XMLSchema-instance"
    xsi:schemaLocation="http://www.loc.gov/MARC21/slim http://www.loc.gov/standards/marcxml/schema/MARC21slim.xsd"
    xmlns="http://www.loc.gov/MARC21/slim">

  <leader>00425nam a22001457a 4500</leader>
  <controlfield tag="005">20160106151607.0</controlfield>
  <controlfield tag="008">160106b        xxu||||| |||| 00| 0 eng d</controlfield>
  <datafield tag="040" ind1=" " ind2=" ">
    <subfield code="c">PK-LaUMT</subfield>
  </datafield>
  <datafield tag="082" ind1=" " ind2=" ">
    <subfield code="a">MMC 954.915</subfield>
    <subfield code="b"> MEH-T</subfield>
  </datafield>
  <datafield tag="100" ind1=" " ind2=" ">
    <subfield code="a">&#x645;&#x62D;&#x645;&#x648;&#x62F; &#x634;&#x627;&#x6C1; &#x628;&#x62E;&#x627;&#x631;&#x6CC;</subfield>
  </datafield>
  <datafield tag="245" ind1=" " ind2=" ">
    <subfield code="a">&#x62A;&#x627;&#x631;&#x6CC;&#x62E; &#x628;&#x644;&#x648;&#x686;&#x633;&#x62A;&#x627;&#x646;</subfield>
    <subfield code="c">&#x645;&#x62D;&#x645;&#x648;&#x62F; &#x634;&#x627;&#x6C1; &#x628;&#x62E;&#x627;&#x631;&#x6CC;</subfield>
  </datafield>
  <datafield tag="260" ind1=" " ind2=" ">
    <subfield code="a">&#x6A9;&#x648;&#x626;&#x679;&#x6C1;</subfield>
    <subfield code="b">&#x6CC;&#x648;&#x646;&#x627;&#x626;&#x6CC;&#x679;&#x688; &#x628;&#x6A9;&#x633;&#x6CC;&#x644;&#x631;&#x632;</subfield>
    <subfield code="c">1983</subfield>
  </datafield>
  <datafield tag="300" ind1=" " ind2=" ">
    <subfield code="a">602 &#x635;</subfield>
  </datafield>
  <datafield tag="942" ind1=" " ind2=" ">
    <subfield code="c">BK</subfield>
  </datafield>
  <datafield tag="999" ind1=" " ind2=" ">
    <subfield code="c">81236</subfield>
    <subfield code="d">81236</subfield>
  </datafield>
  <datafield tag="952" ind1=" " ind2=" ">
    <subfield code="0">0</subfield>
    <subfield code="1">0</subfield>
    <subfield code="4">0</subfield>
    <subfield code="7">0</subfield>
    <subfield code="a">01</subfield>
    <subfield code="b">01</subfield>
    <subfield code="d">2016-01-06</subfield>
    <subfield code="l">0</subfield>
    <subfield code="o">MMC 954.915  MEH-T</subfield>
    <subfield code="p">95761</subfield>
    <subfield code="r">2016-01-06 00:00:00</subfield>
    <subfield code="w">2016-01-06</subfield>
    <subfield code="y">BK</subfield>
  </datafield>
</record>
